El arte de callar

Պահպանված է:
Մատենագիտական մանրամասներ
Հիմնական հեղինակ: Brodsky, Roberto (Հեղինակ)
Ձևաչափ: Գիրք
Լեզու:իսպաներեն
Հրապարակվել է: Santiago Random House Mondadori 2004
Santiago Sudamericana 2004
Հրատարակություն:1a. ed
Շարք:Narrativas
Խորագրեր:
Ցուցիչներ: Ավելացրեք ցուցիչ
Չկան պիտակներ, Եղեք առաջինը, ով նշում է այս գրառումը!

MARC

LEADER 00000nam a2200000 a 4500
001 UCK6968
003 CL-VaPUC
008 051028e20040000cl |||||||||||||||||spa|d
020 |a 9562622223 
082 0 4 |a Ch863  |b BRO  |2 21 
100 0 |a Brodsky, Roberto  |e author  |9 496438 
245 1 3 |a El arte de callar 
250 |a 1a. ed 
300 |a 275 p 
942 |c BK 
945 |d 20051028 00:00:00  |a cmena 
260 |a Santiago  |b Random House Mondadori  |c 2004 
260 |a Santiago  |b Sudamericana  |c 2004 
650 0 |a Novelas chilenas   |9 265425 
650 0 |a Literatura chilena   |9 308278 
650 0 |a Crónicas chilenas  |9 321511 
583 |a last modification  |c 20171211 01:07:30  |k Rodrigo Vera 
490 0 |a Narrativas 
999 |c 315062  |d 315060 
952 |0 0  |1 0  |4 0  |6 CH_863_000000000000000_BRO_2004_2004  |7 0  |8 A  |9 387965  |a FDOPOS  |b FDOPOS  |d 2019-11-22  |i 4178076  |o Ch863 BRO 2004 2004  |p 4178076  |r 2025-01-22  |w 2019-11-22  |y BK  |k MLH